[Event "Irena Warakomska Memorial A"]
[Site "Suwalki"]
[Date "2021.07.27"]
[Round "1"]
[White "Zylka, Stanislaw"]
[Black "Renkowski, Piotr"]
[Result "0-1"]
[Board "17"]
[WhiteElo "2362"]
[WhiteTitle "FM"]
[WhiteCountry "POL"]
[WhiteFideId "1189654"]
[WhiteEloChange "-15"]
[BlackElo "2150"]
[BlackCountry "POL"]
[BlackFideId "1114166"]
[BlackEloChange "15"]

1. e4 {[%clk 1:30:36]} c5 {[%clk 1:30:00]} 2. Nf3 {[%clk 1:30:42]} d6 {[%clk
1:30:29]} 3. Bb5+ {[%clk 1:30:34]} Bd7 {[%clk 1:30:49]} 4. c4 {[%clk 1:30:53]}
Nf6 {[%clk 1:27:54]} 5. Nc3 {[%clk 1:31:12]} Bxb5 {[%clk 1:27:49]} 6. cxb5 {[%clk
1:31:32]} e6 {[%clk 1:25:09]} 7. d4 {[%clk 1:31:47]} d5 {[%clk 1:24:01]} 8. exd5
{[%clk 1:21:05]} Nxd5 {[%clk 1:23:07]} 9. O-O {[%clk 1:21:18]} Nxc3 {[%clk
1:19:50]} 10. bxc3 {[%clk 1:21:41]} Be7 {[%clk 1:12:53]} 11. Qe2 {[%clk 1:15:43]}
cxd4 {[%clk 1:09:20]} 12. Rd1 {[%clk 1:15:21]} Nd7 {[%clk 1:05:38]} 13. Rxd4
{[%clk 1:07:37]} Qc8 {[%clk 1:03:08]} 14. Rc4 {[%clk 0:58:33]} Nc5 {[%clk
0:46:25]} 15. Bg5 {[%clk 0:55:54]} f6 {[%clk 0:32:49]} 16. Be3 {[%clk 0:53:47]}
b6 {[%clk 0:28:35]} 17. Re1 {[%clk 0:49:26]} O-O {[%clk 0:26:44]} 18. Nd4 {[%clk
0:49:11]} Rf7 {[%clk 0:21:30]} 19. Nc6 {[%clk 0:49:07]} Bf8 {[%clk 0:21:00]} 20.
Bxc5 {[%clk 0:41:02]} Bxc5 {[%clk 0:21:28]} 21. g3 {[%clk 0:40:20]} a6 {[%clk
0:20:32]} 22. Ra4 {[%clk 0:40:21]} e5 {[%clk 0:20:12]} 23. Rd1 {[%clk 0:36:47]}
Rd7 {[%clk 0:17:41]} 24. Rxd7 {[%clk 0:32:15]} Qxd7 {[%clk 0:18:10]} 25. Qf3
{[%clk 0:29:34]} Qd2 {[%clk 0:17:04]} 26. Kg2 {[%clk 0:18:06]} a5 {[%clk
0:11:33]} 27. Nxe5 {[%clk 0:13:41]} Rd8 {[%clk 0:10:57]} 28. Nc6 {[%clk 0:11:08]}
Re8 {[%clk 0:10:44]} 29. Rg4 {[%clk 0:09:07]} Bxf2 {[%clk 0:09:01]} 30. Kh3
{[%clk 0:08:11]} Bg1 {[%clk 0:08:32]} 31. Qg2 {[%clk 0:03:14]} Qd7 {[%clk
0:08:54]} 32. Qxg1 {[%clk 0:02:12]} h5 {[%clk 0:09:22]} 33. Qd4 {[%clk 0:02:22]}
Qxg4+ {[%clk 0:08:43]} 34. Qxg4 {[%clk 0:02:50]} hxg4+ {[%clk 0:09:12]} 35. Kxg4
{[%clk 0:03:18]} Re3 {[%clk 0:09:14]} 36. c4 {[%clk 0:03:13]} Re4+ {[%clk
0:09:26]} 37. Kf5 {[%clk 0:03:41]} Rxc4 {[%clk 0:09:43]} 38. Ke6 {[%clk 0:03:43]}
Ra4 {[%clk 0:09:36]} 39. Kd6 {[%clk 0:03:51]} Rxa2 {[%clk 0:09:58]} 40. Kc7
{[%clk 0:34:20]} a4 {[%clk 0:40:00]} 41. Kxb6 {[%clk 0:34:47]} Rb2 {[%clk
0:39:11]} 0-1

[Event "Irena Warakomska Memorial A"]
[Site "Suwalki"]
[Date "2021.07.27"]
[Round "1"]
[White "Piekielny, Pawel"]
[Black "Lukasiewicz, Krzysztof"]
[Result "0-1"]
[Board "18"]
[WhiteElo "2150"]
[WhiteCountry "POL"]
[WhiteFideId "21838828"]
[WhiteEloChange "-5"]
[BlackElo "2359"]
[BlackTitle "FM"]
[BlackCountry "POL"]
[BlackFideId "1166042"]
[BlackEloChange "5"]

1. e4 {[%clk 1:30:59]} d6 {[%clk 1:27:33]} 2. d4 {[%clk 1:31:23]} Nf6 {[%clk
1:27:59]} 3. Nc3 {[%clk 1:31:47]} g6 {[%clk 1:28:26]} 4. Bg5 {[%clk 1:32:04]} Bg7
{[%clk 1:28:49]} 5. Qd2 {[%clk 1:32:13]} h6 {[%clk 1:27:51]} 6. Bf4 {[%clk
1:32:34]} a6 {[%clk 1:12:10]} 7. O-O-O {[%clk 1:27:01]} b5 {[%clk 1:01:52]} 8.
Bd3 {[%clk 1:22:27]} Bb7 {[%clk 0:58:29]} 9. a3 {[%clk 1:02:41]} Nc6 {[%clk
0:46:09]} 10. Nf3 {[%clk 0:43:57]} b4 {[%clk 0:37:26]} 11. axb4 {[%clk 0:43:32]}
Nxb4 {[%clk 0:35:08]} 12. Bc4 {[%clk 0:39:24]} c5 {[%clk 0:21:12]} 13. e5 {[%clk
0:28:07]} Ne4 {[%clk 0:19:31]} 14. Nxe4 {[%clk 0:24:08]} Bxe4 {[%clk 0:19:57]}
15. exd6 {[%clk 0:20:02]} Qa5 {[%clk 0:17:16]} 16. Qe3 {[%clk 0:20:06]} f5 {[%clk
0:17:16]} 17. Qa3 {[%clk 0:10:50]} Qxa3 {[%clk 0:17:42]} 18. bxa3 {[%clk
0:11:19]} Nxc2 {[%clk 0:18:06]} 19. dxc5 {[%clk 0:10:43]} exd6 {[%clk 0:14:55]}
20. Rxd6 {[%clk 0:06:00]} g5 {[%clk 0:09:19]} 21. Re6+ {[%clk 0:05:08]} Kd8
{[%clk 0:09:46]} 22. Rd1+ {[%clk 0:03:25]} Kc8 {[%clk 0:10:13]} 23. Rxe4 {[%clk
0:01:55]} fxe4 {[%clk 0:09:37]} 24. Be6+ {[%clk 0:02:24]} Kb7 {[%clk 0:10:01]}
25. Rd7+ {[%clk 0:02:18]} Kc6 {[%clk 0:10:26]} 26. Rc7+ {[%clk 0:01:36]} Kb5
{[%clk 0:10:45]} 27. Bd7+ {[%clk 0:01:23]} Kc4 {[%clk 0:10:54]} 28. Nd2+ {[%clk
0:01:00]} Kd4 {[%clk 0:07:26]} 29. Bd6 {[%clk 0:00:40]} Nxa3 {[%clk 0:04:53]} 30.
Bc6 {[%clk 0:00:45]} Rac8 {[%clk 0:04:55]} 31. Rxc8 {[%clk 0:00:40]} Rxc8 {[%clk
0:05:21]} 32. Bd7 {[%clk 0:01:09]} Rh8 {[%clk 0:04:30]} 33. c6 {[%clk 0:01:16]}
Nb5 {[%clk 0:04:36]} 34. Bb4 {[%clk 0:00:40]} Kd5 {[%clk 0:03:56]} 35. Ba5 {[%clk
0:00:54]} Be5 {[%clk 0:03:58]} 36. Nb3 {[%clk 0:00:39]} Rf8 {[%clk 0:03:08]} 37.
Bb6 {[%clk 0:00:58]} Rb8 {[%clk 0:02:36]} 38. Ba5 {[%clk 0:00:45]} Na7 {[%clk
0:02:18]} 39. Nd2 {[%clk 0:00:35]} Rb5 {[%clk 0:01:00]} 40. Bd8 {[%clk 0:30:49]}
Rc5+ {[%clk 0:31:07]} 41. Kd1 {[%clk 0:30:55]} Nxc6 {[%clk 0:31:26]} 42. Bb6
{[%clk 0:31:00]} Rb5 {[%clk 0:31:39]} 43. Be3 {[%clk 0:31:26]} Rb4 {[%clk
0:31:15]} 44. h4 {[%clk 0:31:35]} Bf4 {[%clk 0:29:23]} 45. hxg5 {[%clk 0:31:44]}
Bxe3 {[%clk 0:29:05]} 46. fxe3 {[%clk 0:32:13]} hxg5 {[%clk 0:29:29]} 47. Kc2
{[%clk 0:32:32]} a5 {[%clk 0:28:03]} 48. Kc3 {[%clk 0:32:57]} Kd6 {[%clk
0:28:12]} 49. Bf5 {[%clk 0:33:08]} Kd5 {[%clk 0:24:25]} 50. Bd7 {[%clk 0:32:19]}
Na7 {[%clk 0:24:06]} 51. Be8 {[%clk 0:28:58]} Nb5+ {[%clk 0:24:24]} 52. Kc2
{[%clk 0:29:23]} Nd6 {[%clk 0:24:50]} 53. Bg6 {[%clk 0:29:14]} Rb8 {[%clk
0:23:52]} 54. Nb1 {[%clk 0:27:42]} Rg8 {[%clk 0:24:01]} 55. Bh5 {[%clk 0:28:07]}
g4 {[%clk 0:24:20]} 56. Nc3+ {[%clk 0:28:13]} Ke5 {[%clk 0:24:02]} 57. Ne2 {[%clk
0:28:38]} Kf5 {[%clk 0:23:32]} 58. Nf4 {[%clk 0:27:54]} Kg5 {[%clk 0:23:55]} 59.
Kc3 {[%clk 0:25:29]} Rh8 {[%clk 0:24:10]} 60. Bg6 {[%clk 0:25:54]} Rh6 {[%clk
0:24:33]} 0-1

[Event "Irena Warakomska Memorial A"]
[Site "Suwalki"]
[Date "2021.07.27"]
[Round "1"]
[White "Nurkiewicz, Maciej"]
[Black "Kaczmarek, Arkadiusz"]
[Result "1-0"]
[Board "19"]
[WhiteElo "2342"]
[WhiteCountry "POL"]
[WhiteFideId "1107046"]
[WhiteEloChange "5"]
[BlackElo "2147"]
[BlackCountry "POL"]
[BlackFideId "1178393"]
[BlackEloChange "-5"]

1. d4 {[%clk 1:30:54]} d5 {[%clk 1:30:49]} 2. c4 {[%clk 1:31:19]} c6 {[%clk
1:31:04]} 3. Nf3 {[%clk 1:31:32]} Nf6 {[%clk 1:31:20]} 4. Nc3 {[%clk 1:31:41]} e6
{[%clk 1:31:34]} 5. e3 {[%clk 1:31:56]} Nbd7 {[%clk 1:31:47]} 6. Qc2 {[%clk
1:32:14]} Bd6 {[%clk 1:31:58]} 7. Bd3 {[%clk 1:32:27]} dxc4 {[%clk 1:31:54]} 8.
Bxc4 {[%clk 1:32:50]} O-O {[%clk 1:31:57]} 9. O-O {[%clk 1:33:14]} b5 {[%clk
1:32:06]} 10. Be2 {[%clk 1:33:32]} Bb7 {[%clk 1:32:10]} 11. Rd1 {[%clk 1:33:33]}
Qc7 {[%clk 1:31:54]} 12. e4 {[%clk 1:30:52]} e5 {[%clk 1:32:08]} 13. Bg5 {[%clk
1:29:40]} exd4 {[%clk 1:31:57]} 14. Rxd4 {[%clk 1:29:43]} Ne5 {[%clk 1:19:28]}
15. g3 {[%clk 1:24:53]} Bc5 {[%clk 1:18:53]} 16. Rd2 {[%clk 1:24:47]} Nfg4 {[%clk
0:56:08]} 17. Nd1 {[%clk 1:15:05]} Qb6 {[%clk 0:51:13]} 18. Nxe5 {[%clk 1:14:29]}
Nxe5 {[%clk 0:51:08]} 19. Qc3 {[%clk 1:00:55]} Rfe8 {[%clk 0:36:25]} 20. Rc1
{[%clk 0:55:46]} Bf8 {[%clk 0:35:17]} 21. Bf4 {[%clk 0:41:15]} b4 {[%clk
0:14:19]} 22. Qb3 {[%clk 0:41:26]} Ba6 {[%clk 0:13:01]} 23. Bxa6 {[%clk 0:36:33]}
Qxa6 {[%clk 0:12:55]} 24. Bxe5 {[%clk 0:36:44]} Rxe5 {[%clk 0:13:12]} 25. Rd7
{[%clk 0:36:39]} Re7 {[%clk 0:12:24]} 26. Rxe7 {[%clk 0:31:47]} Bxe7 {[%clk
0:12:42]} 27. Ne3 {[%clk 0:31:02]} Rd8 {[%clk 0:12:10]} 28. h4 {[%clk 0:20:31]}
h5 {[%clk 0:10:12]} 29. Nc4 {[%clk 0:14:15]} Qb5 {[%clk 0:09:36]} 30. Qf3 {[%clk
0:13:25]} Bf6 {[%clk 0:08:45]} 31. b3 {[%clk 0:09:37]} Bc3 {[%clk 0:06:32]} 32.
Rd1 {[%clk 0:06:23]} Rd4 {[%clk 0:05:08]} 33. Rxd4 {[%clk 0:05:18]} Bxd4 {[%clk
0:05:26]} 34. Nd6 {[%clk 0:05:33]} Qe5 {[%clk 0:00:59]} 35. Qxf7+ {[%clk
0:03:18]} Kh7 {[%clk 0:00:53]} 36. Qf5+ {[%clk 0:01:04]} g6 {[%clk 0:00:46]} 37.
Qxe5 {[%clk 0:01:16]} Bxe5 {[%clk 0:01:13]} 38. Nc4 {[%clk 0:01:34]} Bd4 {[%clk
0:01:31]} 39. Kg2 {[%clk 0:01:56]} Kg7 {[%clk 0:01:47]} 40. f4 {[%clk 0:32:18]}
Kf6 {[%clk 0:32:01]} 41. Kf3 {[%clk 0:32:22]} Ke6 {[%clk 0:31:55]} 42. g4 {[%clk
0:30:54]} Bf6 {[%clk 0:31:49]} 43. f5+ {[%clk 0:30:31]} gxf5 {[%clk 0:31:58]} 44.
gxf5+ {[%clk 0:29:58]} Kf7 {[%clk 0:32:14]} 45. Kg3 {[%clk 0:30:15]} Bc3 {[%clk
0:32:25]} 46. Kf4 {[%clk 0:30:16]} Bf6 {[%clk 0:32:35]} 47. Ne5+ {[%clk 0:30:25]}
Ke8 {[%clk 0:32:33]} 48. Nf3 {[%clk 0:30:33]} 1-0

[Event "Irena Warakomska Memorial A"]
[Site "Suwalki"]
[Date "2021.07.27"]
[Round "1"]
[White "Dylag, Emilia"]
[Black "Kucza, Karol"]
[Result "1/2-1/2"]
[Board "20"]
[WhiteElo "2144"]
[WhiteTitle "WFM"]
[WhiteCountry "POL"]
[WhiteFideId "21805172"]
[WhiteEloChange "5"]
[BlackElo "2337"]
[BlackTitle "FM"]
[BlackCountry "POL"]
[BlackFideId "1159755"]
[BlackEloChange "-5"]

1. d4 {[%clk 1:30:54]} d5 {[%clk 1:30:24]} 2. c4 {[%clk 1:31:13]} e6 {[%clk
1:30:47]} 3. Nc3 {[%clk 1:30:56]} c6 {[%clk 1:31:08]} 4. Nf3 {[%clk 1:31:08]} Nf6
{[%clk 1:31:32]} 5. Bg5 {[%clk 1:31:20]} dxc4 {[%clk 1:28:18]} 6. e4 {[%clk
1:31:37]} b5 {[%clk 1:28:41]} 7. a4 {[%clk 1:31:58]} Bb4 {[%clk 1:24:33]} 8. e5
{[%clk 1:31:14]} h6 {[%clk 1:24:05]} 9. exf6 {[%clk 1:30:29]} hxg5 {[%clk
1:24:30]} 10. fxg7 {[%clk 1:30:31]} Rg8 {[%clk 1:24:38]} 11. g3 {[%clk 1:28:03]}
Bb7 {[%clk 1:16:12]} 12. Bg2 {[%clk 1:25:51]} Nd7 {[%clk 1:15:05]} 13. O-O {[%clk
1:23:19]} a6 {[%clk 0:52:22]} 14. d5 {[%clk 1:10:06]} cxd5 {[%clk 0:46:51]} 15.
Nd4 {[%clk 1:05:17]} Rxg7 {[%clk 0:31:49]} 16. axb5 {[%clk 0:48:32]} Qb6 {[%clk
0:23:23]} 17. bxa6 {[%clk 0:46:09]} Rxa6 {[%clk 0:23:37]} 18. Na4 {[%clk
0:40:45]} Qd8 {[%clk 0:20:49]} 19. b3 {[%clk 0:35:05]} Qa8 {[%clk 0:11:53]} 20.
Nb5 {[%clk 0:28:13]} Qb8 {[%clk 0:11:50]} 21. Rb1 {[%clk 0:22:15]} cxb3 {[%clk
0:09:26]} 22. Qxb3 {[%clk 0:21:05]} Bc6 {[%clk 0:09:37]} 23. Qxb4 {[%clk
0:15:22]} Bxb5 {[%clk 0:03:13]} 24. Qc3 {[%clk 0:04:08]} Qe5 {[%clk 0:01:03]} 25.
Qc8+ {[%clk 0:04:17]} Ke7 {[%clk 0:01:28]} 26. Rfe1 {[%clk 0:03:47]} Qxe1+ {[%clk
0:00:37]} 27. Rxe1 {[%clk 0:04:11]} Rxa4 {[%clk 0:00:57]} 28. Bxd5 {[%clk
0:03:57]} Rd4 {[%clk 0:01:04]} 29. Bg2 {[%clk 0:03:09]} Rd6 {[%clk 0:00:41]} 30.
Rb1 {[%clk 0:02:31]} Bd3 {[%clk 0:00:35]} 31. Ra1 {[%clk 0:02:28]} Bf5 {[%clk
0:00:33]} 32. Bc6 {[%clk 0:00:59]} Bh3 {[%clk 0:00:33]} 33. Bxd7 {[%clk 0:00:50]}
Rxd7 {[%clk 0:00:59]} 34. Qc5+ {[%clk 0:00:57]} Kf6 {[%clk 0:01:23]} 35. Qc6
{[%clk 0:00:47]} Rd5 {[%clk 0:01:22]} 36. Qc3+ {[%clk 0:00:41]} Kg6 {[%clk
0:01:42]} 37. f3 {[%clk 0:00:45]} g4 {[%clk 0:00:33]} 38. f4 {[%clk 0:00:45]} Rg8
{[%clk 0:00:57]} 39. Qc2+ {[%clk 0:00:43]} Kg7 {[%clk 0:01:15]} 40. Qb2+ {[%clk
0:30:35]} Kg6 {[%clk 0:31:30]} 41. Qc2+ {[%clk 0:25:19]} Kg7 {[%clk 0:31:42]} 42.
Rd1 {[%clk 0:24:35]} Rgd8 {[%clk 0:31:42]} 43. Qc3+ {[%clk 0:22:27]} Kg8 {[%clk
0:32:02]} 44. Rxd5 {[%clk 0:16:56]} Rxd5 {[%clk 0:31:56]} 45. Kf2 {[%clk
0:16:34]} Rf5 {[%clk 0:32:06]} 46. Qc8+ {[%clk 0:14:31]} Kg7 {[%clk 0:32:29]} 47.
Qc3+ {[%clk 0:13:37]} Kg8 {[%clk 0:32:52]} 48. Qc8+ {[%clk 0:13:25]} 1/2-1/2

[Event "Irena Warakomska Memorial A"]
[Site "Suwalki"]
[Date "2021.07.27"]
[Round "1"]
[White "Goluch, Piotr"]
[Black "Parol, Pawel"]
[Result "1-0"]
[Board "21"]
[WhiteElo "2333"]
[WhiteTitle "IM"]
[WhiteCountry "POL"]
[WhiteFideId "1137840"]
[WhiteEloChange "5"]
[BlackElo "2144"]
[BlackCountry "POL"]
[BlackFideId "1119826"]
[BlackEloChange "-5"]

1. d4 {[%clk 1:30:56]} Nf6 {[%clk 1:30:11]} 2. c4 {[%clk 1:31:16]} e6 {[%clk
1:29:51]} 3. g3 {[%clk 1:31:42]} Bb4+ {[%clk 1:27:11]} 4. Bd2 {[%clk 1:31:39]}
Bxd2+ {[%clk 1:25:49]} 5. Nxd2 {[%clk 1:30:32]} d6 {[%clk 1:19:48]} 6. Ngf3
{[%clk 1:29:15]} O-O {[%clk 1:15:59]} 7. Bg2 {[%clk 1:27:43]} Nc6 {[%clk
1:08:07]} 8. O-O {[%clk 1:24:03]} e5 {[%clk 1:03:12]} 9. d5 {[%clk 1:24:17]} Ne7
{[%clk 1:00:35]} 10. e4 {[%clk 1:24:42]} Ne8 {[%clk 0:43:35]} 11. Ne1 {[%clk
1:18:43]} f5 {[%clk 0:42:21]} 12. Nd3 {[%clk 1:19:08]} Nf6 {[%clk 0:39:54]} 13.
f4 {[%clk 1:16:02]} exf4 {[%clk 0:29:11]} 14. Nxf4 {[%clk 1:15:54]} Ng4 {[%clk
0:27:56]} 15. Qb3 {[%clk 1:14:17]} fxe4 {[%clk 0:21:18]} 16. Nxe4 {[%clk
1:13:35]} Nf5 {[%clk 0:19:26]} 17. Rae1 {[%clk 1:13:36]} Ne5 {[%clk 0:11:33]} 18.
c5 {[%clk 1:04:31]} Qe7 {[%clk 0:04:17]} 19. h3 {[%clk 0:48:06]} b6 {[%clk
0:03:23]} 20. cxd6 {[%clk 0:37:55]} cxd6 {[%clk 0:03:47]} 21. Ne6 {[%clk
0:37:55]} Bxe6 {[%clk 0:03:23]} 22. dxe6 {[%clk 0:38:21]} Rae8 {[%clk 0:00:59]}
23. Nxd6 {[%clk 0:33:35]} Nd4 {[%clk 0:00:33]} 24. Qd5 {[%clk 0:30:10]} Rxf1+
{[%clk 0:00:34]} 25. Rxf1 {[%clk 0:30:29]} Ne2+ {[%clk 0:00:32]} 26. Kh2 {[%clk
0:30:32]} Rd8 {[%clk 0:00:31]} 27. Qxe5 {[%clk 0:30:42]} Nxg3 {[%clk 0:00:32]}
28. Qxg3 {[%clk 0:29:48]} Qxd6 {[%clk 0:00:31]} 29. Qxd6 {[%clk 0:30:13]} Rxd6
{[%clk 0:00:54]} 30. e7 {[%clk 0:30:39]} 1-0

[Event "Irena Warakomska Memorial A"]
[Site "Suwalki"]
[Date "2021.07.27"]
[Round "1"]
[White "Skurniak, Szymon"]
[Black "Sakalauskas, Vaidas"]
[Result "1/2-1/2"]
[Board "22"]
[WhiteElo "2143"]
[WhiteCountry "POL"]
[WhiteFideId "21805571"]
[WhiteEloChange "5"]
[BlackElo "2330"]
[BlackTitle "IM"]
[BlackCountry "LTU"]
[BlackFideId "12800457"]
[BlackEloChange "-5"]

1. c4 {[%clk 1:30:50]} c5 {[%clk 1:24:36]} 2. Nc3 {[%clk 1:30:02]} g6 {[%clk
1:23:55]} 3. Nf3 {[%clk 1:21:14]} Bg7 {[%clk 1:23:55]} 4. d4 {[%clk 1:19:25]}
cxd4 {[%clk 1:24:03]} 5. Nxd4 {[%clk 1:19:54]} Nc6 {[%clk 1:24:18]} 6. Nc2 {[%clk
1:19:56]} Nf6 {[%clk 1:20:51]} 7. g3 {[%clk 1:19:24]} O-O {[%clk 1:20:22]} 8. Bg2
{[%clk 1:19:33]} d6 {[%clk 1:13:21]} 9. O-O {[%clk 1:16:57]} Be6 {[%clk 1:08:29]}
10. b3 {[%clk 0:50:16]} Qd7 {[%clk 1:03:51]} 11. Bb2 {[%clk 0:43:54]} Bh3 {[%clk
1:01:59]} 12. Ne3 {[%clk 0:36:55]} Bxg2 {[%clk 1:00:48]} 13. Kxg2 {[%clk
0:37:19]} b6 {[%clk 0:55:43]} 14. Qd2 {[%clk 0:31:25]} Qb7 {[%clk 0:53:55]} 15.
Kg1 {[%clk 0:28:18]} Rfd8 {[%clk 0:45:12]} 16. Ned5 {[%clk 0:25:06]} Ne8 {[%clk
0:35:30]} 17. Ne4 {[%clk 0:22:21]} f5 {[%clk 0:30:40]} 18. Ng5 {[%clk 0:17:07]}
Bxb2 {[%clk 0:24:28]} 19. Qxb2 {[%clk 0:17:16]} Ng7 {[%clk 0:24:52]} 20. f4
{[%clk 0:12:42]} h6 {[%clk 0:22:15]} 21. Nf3 {[%clk 0:12:16]} e6 {[%clk 0:16:18]}
22. Nc3 {[%clk 0:10:19]} Ne8 {[%clk 0:14:29]} 23. e4 {[%clk 0:09:26]} Qg7 {[%clk
0:12:22]} 24. Rfe1 {[%clk 0:08:24]} Nd4 {[%clk 0:10:26]} 25. Qf2 {[%clk 0:07:11]}
Nxf3+ {[%clk 0:08:01]} 26. Qxf3 {[%clk 0:07:39]} fxe4 {[%clk 0:06:08]} 27. Rxe4
{[%clk 0:07:14]} Nc7 {[%clk 0:05:39]} 28. Rae1 {[%clk 0:06:57]} Rac8 {[%clk
0:03:42]} 29. Nb5 {[%clk 0:05:29]} Nxb5 {[%clk 0:01:42]} 30. cxb5 {[%clk
0:05:29]} Re8 {[%clk 0:00:55]} 31. Qd3 {[%clk 0:03:48]} Qc3 {[%clk 0:00:44]} 32.
Qxd6 {[%clk 0:03:49]} Rcd8 {[%clk 0:00:47]} 33. Qe5 {[%clk 0:03:42]} Qxe5 {[%clk
0:01:07]} 34. Rxe5 {[%clk 0:04:07]} Kf7 {[%clk 0:01:35]} 35. R1e2 {[%clk
0:04:23]} Rd6 {[%clk 0:01:48]} 36. h4 {[%clk 0:02:30]} h5 {[%clk 0:01:54]} 37.
Rc2 {[%clk 0:01:31]} Re7 {[%clk 0:02:00]} 38. Kf2 {[%clk 0:01:12]} Red7 {[%clk
0:02:23]} 39. Ke2 {[%clk 0:01:31]} Kf6 {[%clk 0:02:23]} 40. Kf2 {[%clk 0:30:52]}
Rd2+ {[%clk 0:31:19]} 41. Re2 {[%clk 0:28:43]} Rxc2 {[%clk 0:30:32]} 42. Rxc2
{[%clk 0:29:08]} Kf5 {[%clk 0:30:46]} 43. a4 {[%clk 0:22:49]} Kg4 {[%clk
0:20:03]} 44. Rc6 {[%clk 0:14:26]} Rd3 {[%clk 0:18:20]} 45. Rxe6 {[%clk 0:14:08]}
Rf3+ {[%clk 0:18:47]} 46. Ke2 {[%clk 0:14:25]} Rxg3 {[%clk 0:19:13]} 47. Rxg6+
{[%clk 0:11:57]} Kxf4 {[%clk 0:19:21]} 48. Rxg3 {[%clk 0:10:45]} Kxg3 {[%clk
0:18:50]} 49. Ke3 {[%clk 0:11:11]} Kxh4 {[%clk 0:17:39]} 50. Kf4 {[%clk 0:11:36]}
Kh3 {[%clk 0:17:35]} 51. Kf3 {[%clk 0:12:04]} Kh2 {[%clk 0:14:37]} 52. Kf2 {[%clk
0:10:24]} h4 {[%clk 0:15:00]} 53. b4 {[%clk 0:10:45]} Kh3 {[%clk 0:14:31]} 54.
Kf3 {[%clk 0:11:04]} Kh2 {[%clk 0:14:57]} 55. Kf2 {[%clk 0:11:30]} 1/2-1/2

[Event "Irena Warakomska Memorial A"]
[Site "Suwalki"]
[Date "2021.07.27"]
[Round "1"]
[White "Klimkowski, Jan"]
[Black "Stanisz, Patryk"]
[Result "1-0"]
[Board "23"]
[WhiteElo "2322"]
[WhiteTitle "FM"]
[WhiteCountry "POL"]
[WhiteFideId "21856222"]
[WhiteEloChange "5"]
[BlackElo "2140"]
[BlackCountry "POL"]
[BlackFideId "1123106"]
[BlackEloChange "-5"]

1. e4 {[%clk 1:30:56]} c6 {[%clk 1:30:38]} 2. d4 {[%clk 1:31:22]} d5 {[%clk
1:30:56]} 3. f3 {[%clk 1:31:49]} e6 {[%clk 1:30:21]} 4. Nc3 {[%clk 1:32:14]} Nf6
{[%clk 1:27:37]} 5. e5 {[%clk 1:32:23]} Nfd7 {[%clk 1:28:01]} 6. f4 {[%clk
1:32:47]} c5 {[%clk 1:28:26]} 7. Nf3 {[%clk 1:33:14]} Nc6 {[%clk 1:27:41]} 8. Be3
{[%clk 1:33:15]} cxd4 {[%clk 1:24:25]} 9. Nxd4 {[%clk 1:33:37]} Nxd4 {[%clk
1:19:50]} 10. Bxd4 {[%clk 1:33:58]} a6 {[%clk 1:19:27]} 11. Qd2 {[%clk 1:33:41]}
g6 {[%clk 1:13:07]} 12. O-O-O {[%clk 1:33:50]} b5 {[%clk 1:13:19]} 13. Kb1 {[%clk
1:29:11]} Bc5 {[%clk 1:10:16]} 14. Ne4 {[%clk 1:24:57]} Bxd4 {[%clk 1:10:41]} 15.
Nd6+ {[%clk 1:25:22]} Ke7 {[%clk 1:11:10]} 16. Qxd4 {[%clk 1:25:44]} Qb6 {[%clk
1:11:32]} 17. Qc3 {[%clk 1:22:07]} Bb7 {[%clk 1:00:40]} 18. Qb4 {[%clk 1:17:30]}
Qc5 {[%clk 0:51:54]} 19. Qxc5 {[%clk 1:17:52]} Nxc5 {[%clk 0:52:21]} 20. b4
{[%clk 1:18:18]} Ne4 {[%clk 0:52:38]} 21. Nxb7 {[%clk 1:18:42]} Nc3+ {[%clk
0:52:40]} 22. Kc1 {[%clk 1:19:07]} Nxd1 {[%clk 0:50:11]} 23. Kxd1 {[%clk
1:19:34]} Ra7 {[%clk 0:42:35]} 24. Na5 {[%clk 1:19:09]} Rc7 {[%clk 0:40:54]} 25.
Bd3 {[%clk 1:18:24]} Rc3 {[%clk 0:30:56]} 26. Nb3 {[%clk 1:18:02]} Rd8 {[%clk
0:31:25]} 27. Kd2 {[%clk 1:17:45]} Rc4 {[%clk 0:31:53]} 28. Na5 {[%clk 1:17:21]}
Rc7 {[%clk 0:26:34]} 29. h4 {[%clk 1:14:59]} f5 {[%clk 0:24:49]} 30. g3 {[%clk
1:12:33]} h6 {[%clk 0:24:21]} 31. Nb3 {[%clk 1:12:01]} Ra8 {[%clk 0:24:14]} 32.
Nd4 {[%clk 1:11:50]} Rcc8 {[%clk 0:22:55]} 33. a4 {[%clk 1:10:30]} bxa4 {[%clk
0:22:22]} 34. Ra1 {[%clk 1:10:54]} g5 {[%clk 0:22:30]} 35. hxg5 {[%clk 1:10:58]}
hxg5 {[%clk 0:22:58]} 36. Rxa4 {[%clk 1:11:18]} Rh8 {[%clk 0:20:36]} 37. Rxa6
{[%clk 1:10:37]} Rxa6 {[%clk 0:20:07]} 38. Bxa6 {[%clk 1:10:57]} Rh3 {[%clk
0:19:41]} 39. Ne2 {[%clk 1:11:14]} g4 {[%clk 0:19:04]} 40. Kd3 {[%clk 1:39:16]}
Kd7 {[%clk 0:49:12]} 41. c4 {[%clk 1:38:19]} dxc4+ {[%clk 0:46:09]} 42. Bxc4
{[%clk 1:38:44]} Rh1 {[%clk 0:46:29]} 43. Kd4 {[%clk 1:35:41]} Rh2 {[%clk
0:44:05]} 44. Kc5 {[%clk 1:35:40]} Kc7 {[%clk 0:44:32]} 45. b5 {[%clk 1:35:08]}
Rg2 {[%clk 0:44:46]} 46. b6+ {[%clk 1:34:30]} Kb7 {[%clk 0:44:44]} 47. Kd6 {[%clk
1:32:26]} 1-0

[Event "Irena Warakomska Memorial A"]
[Site "Suwalki"]
[Date "2021.07.27"]
[Round "1"]
[White "Karolczuk, Iwo"]
[Black "Nowak, Mikolaj"]
[Result "0-1"]
[Board "24"]
[WhiteElo "2129"]
[WhiteCountry "POL"]
[WhiteFideId "21816972"]
[WhiteEloChange "-5"]
[BlackElo "2310"]
[BlackCountry "POL"]
[BlackFideId "1191365"]
[BlackEloChange "5"]

1. d4 {[%clk 1:30:47]} f5 {[%clk 1:30:53]} 2. e4 {[%clk 1:30:00]} fxe4 {[%clk
1:31:12]} 3. Nc3 {[%clk 1:30:26]} Nf6 {[%clk 1:31:32]} 4. Bg5 {[%clk 1:30:53]}
Nc6 {[%clk 1:31:37]} 5. d5 {[%clk 1:31:19]} Ne5 {[%clk 1:31:51]} 6. Qe2 {[%clk
1:31:38]} Nf7 {[%clk 1:27:45]} 7. Bxf6 {[%clk 1:32:03]} exf6 {[%clk 1:28:08]} 8.
Nxe4 {[%clk 1:32:29]} Be7 {[%clk 1:28:00]} 9. d6 {[%clk 1:32:21]} cxd6 {[%clk
1:28:19]} 10. O-O-O {[%clk 1:32:05]} O-O {[%clk 1:28:08]} 11. Nc3 {[%clk
1:30:59]} Re8 {[%clk 1:18:05]} 12. Re1 {[%clk 1:27:29]} b6 {[%clk 1:14:46]} 13.
Qe4 {[%clk 1:16:33]} Rb8 {[%clk 1:08:26]} 14. Nd5 {[%clk 1:03:40]} Bb7 {[%clk
0:56:16]} 15. Bd3 {[%clk 0:56:05]} g6 {[%clk 0:33:37]} 16. f4 {[%clk 0:42:53]} f5
{[%clk 0:18:02]} 17. Qd4 {[%clk 0:36:54]} Bxd5 {[%clk 0:13:40]} 18. Qxd5 {[%clk
0:37:16]} Bf6 {[%clk 0:13:35]} 19. Nf3 {[%clk 0:37:21]} b5 {[%clk 0:11:40]} 20.
h4 {[%clk 0:32:43]} Rxe1+ {[%clk 0:09:33]} 21. Rxe1 {[%clk 0:32:59]} Qc7 {[%clk
0:05:56]} 22. Bxf5 {[%clk 0:17:42]} gxf5 {[%clk 0:05:43]} 23. Qxf5 {[%clk
0:18:07]} Bg7 {[%clk 0:03:45]} 24. Re7 {[%clk 0:16:23]} Qc4 {[%clk 0:03:08]} 25.
c3 {[%clk 0:05:20]} Rf8 {[%clk 0:02:30]} 26. Nd2 {[%clk 0:04:49]} Qc6 {[%clk
0:01:58]} 27. Ne4 {[%clk 0:04:36]} Ne5 {[%clk 0:01:16]} 28. Qg5 {[%clk 0:04:16]}
Ng6 {[%clk 0:01:33]} 29. f5 {[%clk 0:01:10]} Nxe7 {[%clk 0:01:49]} 30. Qxe7
{[%clk 0:01:25]} Rxf5 {[%clk 0:01:08]} 0-1